000 00535nam a2200193 a 4500
001 2367
005 20140414131928.0
008 050531s19uu xx 00 eng d
020 _a983-9072-43-9
050 _aER
_bSl2 1995
100 _aKincaid, Lucy
245 _aSleeping beauty /
_cretteling by Lucy Kincaid ; illustrated by Linda Worrall.
260 _aKuala Lumpur :
_bMecron.
300 _ap. : ill. ; cm.
440 _aMecron Well Love Tales
650 _aFairy tales.
650 _aChildren stories.
999 _c112129
_d112129